Instrumentación y control en el tratamiento de aguas potables, industriales y de desecho
Gespeichert in:
| 1. Verfasser: | |
|---|---|
| Format: | Buch |
| Sprache: | Spanish |
| Veröffentlicht: |
México : Limusa,
1971.
|
| Schlagworte: | |
| Tags: |
Tag hinzufügen
Keine Tags, Fügen Sie den ersten Tag hinzu!
|
MARC
| LEADER | 00000nam a2200000Ia 4500 | ||
|---|---|---|---|
| 003 | 001969 | ||
| 005 | 20221231143956.0 | ||
| 008 | 140114s1971 mx a 000 ||spa d | ||
| 040 | |c cru CEDI | ||
| 082 | |a 628.16 B112i | ||
| 100 | |a Babcock, Russell H |9 21064 | ||
| 245 | |a Instrumentación y control en el tratamiento de aguas potables, industriales y de desecho | ||
| 260 | |a México : Limusa, |c 1971. | ||
| 300 | |a 118 páginas : ilustraciones ; 27 cm | ||
| 500 | |a Título original: Instrumentation and control in water supply and wastewater disposal. | ||
| 650 | |x PURIFICACION DEL AGUA |9 21065 | ||
| 942 | |2 ddc |c BK | ||
| 999 | |c 15063 |d 15063 | ||
